000 00572nam a22002177a 4500
005 20251108173450.0
008 250721s2006 xx 000 0 ara d
020 _a9770712205
082 1 4 _a616.994/جوي
100 1 _aجويفل، حنان
245 1 0 _aأورام الثدي /
264 1 _aالقاهرة :
_bدار الهلال،
_c2006.
300 _a126 ص
490 0 _aكتاب الهلال
650 1 7 _aالثدي
650 1 7 _aسرطان الثدي
650 1 7 _aالتشخيص
650 1 7 _aالعلاج
942 _2ddc
_cBK
999 _c104521
_d104521